| 000 | 01673cam a22004334i 4500 | ||
|---|---|---|---|
| 003 | PE-LiUPU | ||
| 005 | 20260408100736.0 | ||
| 008 | 150625s r 000 0 d | ||
| 035 | _a(Sirsi) a32463 | ||
| 040 |
_aPE-LiUPU _bspa _cPE-LiUPU _erda |
||
| 082 | 0 | 4 |
_a220.84 _bB116w _220 |
| 100 | 1 |
_aBacchiocchi, Samuele, _eautor. _98418 |
|
| 245 | 1 | 0 |
_aWine In The Bible : _bA biblical study on the use of Alcoholic beverages / _cSamuele Bacchiocchi. |
| 264 | 1 |
_aMichigan : _bBiblical Perspectives, _c1989. |
|
| 300 |
_a307 páginas ; _c23 cm |
||
| 336 |
_atext _2rdacontent |
||
| 337 |
_aunmediated _2rdamedia |
||
| 338 |
_avolume _2rdacarrier |
||
| 505 | 0 | _aA look at the drinking problem. -The meaning of "wine. -"Wine" in biblical perspective. -The preservation of grape juice. -Jesus and wine. -Wine in the apostolic church. -A look at some misunderstood passages. -Ellen white and alcoholic beverages. -Alcohol in America. | |
| 526 | _aSEG42 | ||
| 526 | _aSEG41 | ||
| 526 | _aSEG40 | ||
| 526 | _aSEG39 | ||
| 526 | _aP94 | ||
| 526 | _aP87 | ||
| 526 | _aP86 | ||
| 526 | _aP85 | ||
| 526 | _aP77 | ||
| 526 | _aP76 | ||
| 526 | _aP35 | ||
| 630 | 2 | 4 |
_aBiblia _xEnseñanzas sobre la vida cristiana _98422 |
| 650 | 1 | 4 |
_aVino _xAspectos bíblicos _98419 |
| 650 | 2 | 4 |
_aBebidas alcohólicas _xAspectos religiosos _xCristianismo _98420 |
| 650 | 2 | 0 |
_aTemperancia _xAspectos religiosos _xCristianismo _98421 |
| 942 |
_2ddc _cBK |
||
| 949 |
_a220.864162 B12 _wDEWEY _c1 _i38974 _lCCODEBUL1 _mBUL _p00.00 _r0 _sY _tBOOK _u2015-06-25 _xBIBLIOTECA _zUNKNOWN _0COMPRA _o.STAFF. Colección General |
||
| 980 |
_818226 _gJaime Vilcazán Jefe de Análisis Documental |
||
| 999 |
_c40118 _d40118 |
||